Using computers for project management: a comprehensive study of project management and project planning software. (Record no. 95996)

MARC details
000 -LEADER
fixed length control field 00773cam a2200217 4500
008 - FIXED-LENGTH DATA ELEMENTS--GENERAL INFORMATION
fixed length control field 090401t1991 xxu||||| |||| 00| 0 eng d
020 ## - INTERNATIONAL STANDARD BOOK NUMBER
International Standard Book Number 0906225175
035 ## - SYSTEM CONTROL NUMBER
System control number (Sirsi) u75351
041 ## - LANGUAGE CODE
Language code of text/sound track or separate title eng
050 ## - LIBRARY OF CONGRESS CALL NUMBER
Classification number 658.4040285
100 ## - MAIN ENTRY--PERSONAL NAME
Personal name Wager, D.M.
245 ## - TITLE STATEMENT
Title Using computers for project management: a comprehensive study of project management and project planning software.
260 ## - PUBLICATION, DISTRIBUTION, ETC.
Place of publication, distribution, etc. Cambridge
Name of publisher, distributor, etc. Construction Industry Computing Associat
Date of publication, distribution, etc. 1991
300 ## - PHYSICAL DESCRIPTION
Extent 172p. ; 30cm.
350 ## - PRICE (NR) (BK AM CF MU VM SE) [OBSOLETE]
Price 35
520 ## - SUMMARY, ETC.
Summary, etc. Published in association with FACE - International Federation of Associations of Computer Users in Engineering, Architecture and Related Fields.
690 ## - LOCAL SUBJECT ADDED ENTRY--TOPICAL TERM (OCLC, RLIN)
Topical term or geographic name as entry element Project management
9 (RLIN) 6261
700 ## - ADDED ENTRY--PERSONAL NAME
Personal name Pittard, S.J.
942 ## - ADDED ENTRY ELEMENTS (KOHA)
Suppress in OPAC 0
948 ## - LOCAL PROCESSING INFORMATION (OCLC); SERIES PART DESIGNATOR (RLIN)
c (OCLC) 04/03/1997
Holdings
Withdrawn status Lost status Source of classification or shelving scheme Damaged status Not for loan Home library Current library Shelving location Date acquired Cost, normal purchase price Total Checkouts Full call number Barcode Date last seen Date last checked out Copy number Cost, replacement price Price effective from Koha item type
    Dewey Decimal Classification     London London Folio 27/10/1992 35.00 4 F658.4040285 30037273 06/08/2019 08/10/2003 2 35.00 06/08/2019 Book